| 000 | 00457nam a22001697a 4500 | ||
|---|---|---|---|
| 999 |
_c525573 _d525573 |
||
| 003 | NUST | ||
| 038 | _awaseem | ||
| 082 |
_a891.4911 _bHAM |
||
| 100 |
_aHamraaz Ahsan _916482 |
||
| 245 |
_aTibayia Uttay Chawan / _cHamraaz Ahsan |
||
| 260 |
_aKarachi : _bBaila Publications, _c[S.L]. |
||
| 300 | _a54 p. ; | ||
| 500 | _aPaperback. | ||
| 880 |
_6100-01\r _aھمراز احسن |
||
| 880 |
_6245-02\r _aٹِنیاں اُتے چھاواں / |
||
| 942 |
_2ddc _cBK |
||